000 00701nam a2200217Ii 4500
003 JO-AjNU
008 230605s9999||||xx |||||||||||||| ||und||
017 _a1990/977
040 _aJO-AjNU
_bara
_erda
_cJO-AjNU
041 _aara
050 1 4 _aKMJ913.1990
100 3 _a البلداوي، كامل عبد الحسين ,
_eauthor
_946856
245 0 0 _aالشركات التجارية في القانون العراقي
250 _a(د،ط)
264 3 1 _aالموصل : دار الكتب ، 1990
300 _a304ص
336 _atext
_btxt
_2rdacontent
337 _aunmediated
_bn
_2rdamedia
338 _avolume
_bnc
_2rdacarrier
650 4 _aقانون تجاري -- العراق
_946857
999 _aA20414
_c23982
_d23982